00373nam a2200121 i 4500001000300000100001700003245005500020260002100075040000800096041000800104008004100112856009800153bg1 aKLEER, Jerzy 0aStrategia gospodarcza krajów RWPG /cJerzy Kler. aWarszawa,c1975. cBPK apol s pl f |000 0 pol  uhttp://koha.tu.koszalin.pl/cgi-bin/koha/opac-detail.pl?biblionumber=26877yKatalog online BPK